000
00282nam a2200121Ia 4500
005
20251222125557.0
008
251222s1900||||xx |||||||||||||| ||spa||
020
_a
84-376-0067-7
082
_a
868.3/G22
100
_a
Garcilaso de la Vega
245
0
_a
PoesÃa castellana
942
_c
CD
999
_c
2738
_d
2738